Maya Character Creation (Record no. 6329)

000 -LEADER
fixed length control field 00326nam a2200133Ia 4500
008 - FIXED-LENGTH DATA ELEMENTS--GENERAL INFORMATION
fixed length control field 190704s9999||||xx |||||||||||||| ||und||
020 ## - INTERNATIONAL STANDARD BOOK NUMBER
International Standard Book Number 9780735713444
082 ## - DEWEY DECIMAL CLASSIFICATION NUMBER
Classification number 791.433
Item number MAR/M
100 ## - MAIN ENTRY--PERSONAL NAME
Personal name Maraffi, Chris
245 #0 - TITLE STATEMENT
Title Maya Character Creation
260 ## - PUBLICATION, DISTRIBUTION, ETC.
Place of publication, distribution, etc. America
Name of publisher, distributor, etc. New Riders Pub.
Date of publication, distribution, etc. 2004
300 ## - PHYSICAL DESCRIPTION
Extent 349p
942 ## - ADDED ENTRY ELEMENTS (KOHA)
Koha item type Book

No items available.

All Rights Reserved@MUIT

Powered by Koha